| 000 | nam a22 7a 4500 | ||
|---|---|---|---|
| 999 |
_c128501 _d128501 |
||
| 008 | 181102b xxu||||| |||| 00| 0 eng d | ||
| 020 | _a9782894202319 | ||
| 050 | _aBT431.M386 | ||
| 100 |
_aMartini, Carlo Maria _96591 |
||
| 245 |
_aPromise fulfilled _bmedidations _cCarlo Maria Martini |
||
| 260 |
_aUnited Kingdom _bSt. Pauls _c1994 |
||
| 300 |
_a175p. ; _c19cm. |
||
| 600 |
_aJesus Christ _xPassion _xMeditations _943262 |
||
| 942 |
_2lcc _cMONOGRAPH |
||